000 00530nam a2200217Ia 4500
003 OSt
005 20220926041912.0
006 a|||||r|||| 00| 0
007 ta
008 220923b |||||||| |||| 00| 0 eng d
037 _cGeneral Book
040 _aRTL
_cRTL
_beng
041 _2eng
_aeng
082 _aX7::73:N3, G5
100 _aKing Clyde L
_9345551
245 0 _aPublic finance
260 _c1935
650 _aFinance
942 _hX7::73:N3, G5
_cGB
_2CC
999 _c668367
_d668367